<?xml version="1.0" encoding="UTF-8"?><?xml-stylesheet type="text/xsl" href="static/style.xsl"?><OAI-PMH xmlns="http://www.openarchives.org/OAI/2.0/" xmlns:xsi="http://www.w3.org/2001/XMLSchema-instance" xsi:schemaLocation="http://www.openarchives.org/OAI/2.0/ http://www.openarchives.org/OAI/2.0/OAI-PMH.xsd"><responseDate>2026-04-13T04:53:39Z</responseDate><request verb="GetRecord" identifier="oai:www.recercat.cat:10459.1/67872" metadataPrefix="marc">https://recercat.cat/oai/request</request><GetRecord><record><header><identifier>oai:recercat.cat:10459.1/67872</identifier><datestamp>2024-12-05T21:45:34Z</datestamp><setSpec>com_2072_3622</setSpec><setSpec>col_2072_479130</setSpec></header><metadata><record xmlns="http://www.loc.gov/MARC21/slim" xmlns:dcterms="http://purl.org/dc/terms/" xmlns:xsi="http://www.w3.org/2001/XMLSchema-instance" xmlns:doc="http://www.lyncode.com/xoai" xsi:schemaLocation="http://www.loc.gov/MARC21/slim http://www.loc.gov/standards/marcxml/schema/MARC21slim.xsd">
   <leader>00925njm 22002777a 4500</leader>
   <datafield ind2=" " ind1=" " tag="042">
      <subfield code="a">dc</subfield>
   </datafield>
   <datafield ind2=" " ind1=" " tag="720">
      <subfield code="a">Salamero Teixidó, Laura</subfield>
      <subfield code="e">author</subfield>
   </datafield>
   <datafield ind2=" " ind1=" " tag="260">
      <subfield code="c">2020-01-24T14:50:12Z</subfield>
   </datafield>
   <datafield ind2=" " ind1=" " tag="260">
      <subfield code="c">2020-01-24T14:50:12Z</subfield>
   </datafield>
   <datafield ind2=" " ind1=" " tag="260">
      <subfield code="c">2017</subfield>
   </datafield>
   <datafield ind2=" " ind1=" " tag="260">
      <subfield code="c">2020-01-24T14:50:12Z</subfield>
   </datafield>
   <datafield ind2=" " ind1=" " tag="520">
      <subfield code="a">En este trabajo se estudia el procedimiento de salvaguarda de los derechos de propiedad intelectual y, en concreto, un especial trámite que prevé la participación de la jurisdicción contencioso-administrativa en el mismo. Se trata de la autorización judicial de las resoluciones de la sección segunda de la Comisión de Propiedad Intelectual y de ciertas medidas accesorias a las sanciones por el incumplimiento reiterado de dichas resoluciones. Pretende darse cuenta del régimen jurídico de estas autorizaciones, dada la escasa atención que el legislador les presta. Para ello se toman como modelo el resto de autorizaciones que dicta la jurisdicción contencioso-administrativa - en especial la autorización de entrada - y lo que la jurisprudencia del Tribunal Constitucional y de los tribunales superiores de justicia ha ido estableciendo al respecto.</subfield>
   </datafield>
   <datafield ind2=" " ind1=" " tag="520">
      <subfield code="a">This paper analyses the intellectual property rights protection administrative procedure and, in particular, a special phase of this procedure foreseeing the partaking of the administrative-contentious courts in it. This participation consists of a judicial warrant to execute the decisions of the second section of the Intellectual Property Commission, and to&#xd;
execute certain accessory measures to the sanctions imposed by reason of repeated noncompliance with such decisions.&#xd;
The analysis is aimed at describing the legal regime of these judicial warrants, given&#xd;
the scarce attention given to it in the legislation. To do so we take as an example the rest of  judicial warrants granted by the administrative-contentious courts –especially the warrant&#xd;
to access a home–, and the constitutional and higher courts case-law.</subfield>
   </datafield>
   <datafield ind1="8" ind2=" " tag="024">
      <subfield code="a">http://hdl.handle.net/10459.1/67872</subfield>
   </datafield>
   <datafield tag="653" ind2=" " ind1=" ">
      <subfield code="a">Propiedad intelectual</subfield>
   </datafield>
   <datafield tag="653" ind2=" " ind1=" ">
      <subfield code="a">Jurisdicción contencioso-administrativa</subfield>
   </datafield>
   <datafield tag="653" ind2=" " ind1=" ">
      <subfield code="a">Autorización judicial</subfield>
   </datafield>
   <datafield ind2="0" ind1="0" tag="245">
      <subfield code="a">Propiedad intelectual y jurisdicción contencioso-administrativa: la autorizacíon de los Juzgados Centrales</subfield>
   </datafield>
</record></metadata></record></GetRecord></OAI-PMH>